ថ្ងៃចូលរៀនដំបូងរបស់យ៉ា យ៉ា : (Record no. 8830)

MARC details
000 -LEADER
fixed length control field 01803nam a22003137a 4500
001 - CONTROL NUMBER
control field 8830
003 - CONTROL NUMBER IDENTIFIER
control field FISKH
005 - DATE AND TIME OF LATEST TRANSACTION
control field 20251022104432.0
008 - FIXED-LENGTH DATA ELEMENTS--GENERAL INFORMATION
fixed length control field 251022b cb ||||| |||| 00| 0 eng d
020 ## - INTERNATIONAL STANDARD BOOK NUMBER
International Standard Book Number 9789996346064
040 ## - CATALOGING SOURCE
Original cataloging agency FISKH
Language of cataloging khr
Transcribing agency FISKH
Modifying agency FISKH
050 ## - LIBRARY OF CONGRESS CALL NUMBER
Classification number PZ7
082 ## - DEWEY DECIMAL CLASSIFICATION NUMBER
Classification number 895
100 ## - MAIN ENTRY--PERSONAL NAME
Personal name Vichet, Prom
245 ## - TITLE STATEMENT
Title ថ្ងៃចូលរៀនដំបូងរបស់យ៉ា យ៉ា :
Remainder of title Ya Ya's first day of school /
Statement of responsibility, etc. សហការនិពន្ធ លោក ឃឹម ចន្ទសុអហំ ,​ លោក ព្រំ វិចិត្រ ,​​ អ្នកស្រី គឹមស៊ុន សុធារី ,​ អ្នកស្រី ឡាយ បូផា​ និង អ្នកស្រី ឃី សៅនី
260 ## - PUBLICATION, DISTRIBUTION, ETC.
Place of publication, distribution, etc. Phnom Penh :
Name of publisher, distributor, etc. Reading Books ,
Date of publication, distribution, etc. 2017.
300 ## - PHYSICAL DESCRIPTION
Extent 16 pages :
Other physical details color illustrations ;
Dimensions 18*18 cm .
490 ## - SERIES STATEMENT
Series statement ពិភពកុមារតូច
505 ## - FORMATTED CONTENTS NOTE
Formatted contents note F <br/>
520 ## - SUMMARY, ETC.
Summary, etc. យ៉ា យ៉ារៀបចំខ្លួនទៅសាលារៀននៅថ្ងៃដំបូង ។ នាងកំពុងរក អាវស ,​ បូចងសក់​​ ,​ ស្រោមជើង , សំពត់​ ,ស្បែកជើង​ ,​ កាតាប​​ ......។
520 ## - SUMMARY, ETC.
Summary, etc. "Ya Ya is getting ready to go to school on the first day. She is looking for a shirt, hair ties, socks, a skirt, shoes, a schoolbag, and so on."
521 8# - TARGET AUDIENCE NOTE
Target audience note 300 <br/>
Source Lexile estimate <br/>
521 8# - TARGET AUDIENCE NOTE
Target audience note F <br/>
Source Raz-Plus <br/>
650 ## - SUBJECT ADDED ENTRY--TOPICAL TERM
Topical term or geographic name entry element ថ្ងៃចូលរៀនដំបូងរបស់យ៉ា យ៉ា
Form subdivision រឿងនិទានកុមារ
650 ## - SUBJECT ADDED ENTRY--TOPICAL TERM
Topical term or geographic name entry element Ya Ya's first day of school
Form subdivision Children's Stories
700 ## - ADDED ENTRY--PERSONAL NAME
Personal name San, Thai
Relator term Illustrator
942 ## - ADDED ENTRY ELEMENTS (KOHA)
Source of classification or shelving scheme Library of Congress Classification
Koha item type Khmer Books
Suppress in OPAC No
Holdings
Withdrawn status Lost status Source of classification or shelving scheme Damaged status Not for loan Collection Home library Current library Shelving location Date acquired Total Checkouts Full call number Barcode Date last seen Price effective from Koha item type
    Dewey Decimal Classification     Khmer-English Bilingual / ភាសាខ្មែរ-អង់គ្លេស Footprints International School Library Network Toul Tom Poung Campus Footprints International School Library Network Toul Tom Poung Campus TTP Primary Khmer Bookshelves 10/22/2025   VIC PZ7 895 2025-4701 10/22/2025 10/22/2025 Khmer Books